=LDR 00000nam 2200000 4500 =001 INLIS000000000012790 =005 20170224105440.0 =006 =007 =008 Ind =035 ##$$0010-061300000012790 =041 ##$$a Ind =082 ##$$a 615.406 =090 ##$$a 615.406, Ani m =100 ##$$a Anif, Moh =245 ##$$a Manajemen Farmasi, Moh. Anief =260 ##$$a 1995 $b Yogyakarta =300 ##$$a 137 hlm, 21 cm =650 ##$$a Fermasi =850 ##$$a NBPNMAT =990 ##$$a 21601909/BPAP-NTB/2017